| 000 | 00619nam a2200229 a 4500 | ||
|---|---|---|---|
| 001 | 53047 | ||
| 003 | BD-RjUL | ||
| 005 | 20211209075911.0 | ||
| 008 | 691027s1969 enka 001 0 eng | ||
| 020 | _a0521074584 | ||
| 035 | _a(BD-RjUL)53167 | ||
| 040 |
_aDLC _cDLC _dBD-RjUL _beng |
||
| 041 | _aeng | ||
| 082 | 0 | 0 |
_a530.12 _223 _bZIE 1969 |
| 100 | 1 |
_aZiman, J. M. _9158548 |
|
| 245 | 1 | 0 |
_aElements of advanced quantum theory / _cby J. M. Ziman. |
| 260 |
_aLondon : _bCambridge U.P., _c1969. |
||
| 300 |
_axiii, 269 p. : _bill. ; _c24 cm. |
||
| 500 | _aindex | ||
| 650 | 0 |
_aQuantum theory. _9158549 |
|
| 942 |
_2ddc _cBK |
||
| 999 |
_c53047 _d53047 |
||